[Event "GER-ch Net qual1 U14"]
[Site "Playchess.com INT"]
[Date "2012.09.01"]
[Round "2"]
[White "Massold, Timo"]
[Black "Wastian, Mareike"]
[Result "1-0"]
[WhiteElo "1224"]
[BlackElo "1485"]
[PlyCount "59"]
[EventDate "2012.09.01"]
[EventType "swiss (blitz)"]
[EventRounds "7"]
[EventCountry "GER"]
[SourceTitle "CBM 150 Extra"]
[Source "ChessBase"]
[SourceDate "2012.10.19"]
[SourceVersion "1"]
[SourceVersionDate "2012.10.19"]
[SourceQuality "1"]

1. e4 c6 2. Nf3 d5 3. e5 Bf5 4. d4 e6 5. Bd3 Bxd3 6. Qxd3 Qb6 7. Nc3 Nd7 8. Be3 c5 9. dxc5 Bxc5 10. 0-0 Ne7 11. b4 Qxb4 12. a3 Qc4 13. Qxc4 dxc4 14. Nb5 0-0 15. Rfd1 Bxe3 16. Rxd7 Bc5 17. Nd2 a6 18. Nc7 Rad8 19. Rxd8 Rxd8 20. Nxc4 Rc8 21. Rd1 h6 22. Rd7 Nf5 23. g4 Nd4 24. Kg2 Nxc2 25. Nd6 Bxd6 26. exd6 Nxa3 27. Re7 Kf8 28. d7 Rd8 29. Re8+ Rxe8 30. dxe8Q# 1-0